[Event "SVK-ch Amateurs"]
[Site "Liptovsky Jan"]
[Date "2023.06.18"]
[Round "7"]
[White "Vresilovic, Matus"]
[Black "Horbal, Jozef"]
[Result "0-1"]
[WhiteElo "1214"]
[BlackElo "1626"]
[PlyCount "102"]
[EventDate "2023.06.15"]
[EventType "swiss"]
[EventRounds "8"]
[EventCountry "SVK"]
[SourceTitle "CBM 214 Extra"]
[Source "ChessBase"]
[SourceDate "2023.07.31"]
[SourceVersion "1"]
[SourceVersionDate "2023.07.31"]
[SourceQuality "1"]

1. d4 Nf6 2. Nf3 g6 3. c4 d6 4. Nc3 Bg7 5. e4 0-0 6. b3 Nbd7 7. Bb2 e5 8. Bd3 exd4 9. Nxd4 Re8 10. 0-0 Nc5 11. Re1 Ng4 12. Bc2 Qh4 13. Nf3 Qxf2+ 14. Kh1 Ne3 15. Qe2 Qxe2 16. Rxe2 Nxc2 17. Rxc2 Nxe4 18. Re1 Bxc3 19. Bxc3 Bg4 20. Rce2 d5 21. cxd5 Bxf3 22. gxf3 Nd6 23. Kg2 Rxe2+ 24. Rxe2 Re8 25. Rxe8+ Nxe8 26. Bd4 b6 27. a4 f6 28. Kf2 Kf7 29. Ke3 Nd6 30. Kd3 g5 31. Bf2 h5 32. h3 Kg6 33. Bg3 Kf5 34. b4 h4 35. Bh2 Kg6 36. f4 Kf5 37. fxg5 fxg5 38. Kd4 Ne8 39. Ke3 g4 40. hxg4+ Kxg4 41. Kf2 Kf5 42. Kf3 Nf6 43. d6 cxd6 44. Bxd6 Ne4 45. Bf4 Nc3 46. a5 b5 47. Bb8 a6 48. Bf4 Ke6 49. Kg4 Kd5 50. Be3 Kc4 51. Bc5 Na2 0-1

[Event "SVK-ch Amateurs"]
[Site "Liptovsky Jan"]
[Date "2023.06.17"]
[Round "6"]
[White "Horbal, Jozef"]
[Black "Fenik, Jozef1111"]
[Result "1-0"]
[WhiteElo "1626"]
[BlackElo "1205"]
[PlyCount "123"]
[EventDate "2023.06.15"]
[EventType "swiss"]
[EventRounds "8"]
[EventCountry "SVK"]
[SourceTitle "CBM 214 Extra"]
[Source "ChessBase"]
[SourceDate "2023.07.31"]
[SourceVersion "1"]
[SourceVersionDate "2023.07.31"]
[SourceQuality "1"]

1. d4 c6 2. e4 g6 3. Nf3 d5 4. exd5 cxd5 5. Bd3 Bg4 6. h3 Bxf3 7. Qxf3 Bg7 8. c3 e6 9. 0-0 Ne7 10. Bg5 0-0 11. Re1 Nbc6 12. Bxe7 Nxe7 13. Nd2 Rc8 14. Rac1 a6 15. Qg3 Qa5 16. Bb1 b5 17. Nb3 Qc7 18. Qxc7 Rxc7 19. Nc5 a5 20. a3 Rfc8 21. Rcd1 Bh6 22. Re2 Bf4 23. Bd3 Rb8 24. Na6 Rbc8 25. Nxc7 Rxc7 26. Bxb5 Nf5 27. Bd3 Nd6 28. Rde1 Kg7 29. g3 Bg5 30. f4 Bd8 31. Kg2 Re7 32. g4 Kh8 33. f5 gxf5 34. gxf5 Ne4 35. Bxe4 dxe4 36. Rxe4 Kg7 37. fxe6 fxe6 38. Rxe6 Rf7 39. R1e3 Bh4 40. Rf3 Rb7 41. Re2 Kg8 42. Re4 Rg7+ 43. Kf1 Be7 44. Rg4 Bf8 45. Rxg7+ Bxg7 46. d5 Bf8 47. Ke2 Bd6 48. Kd3 Kg7 49. Kc4 Be5 50. Kc5 Bf6 51. Rxf6 Kxf6 52. Kc6 Kg5 53. d6 Kh4 54. d7 Kxh3 55. d8Q h5 56. Qg5 h4 57. Kd5 Kh2 58. Qxh4+ Kg2 59. Qf4 a4 60. Ke4 Kh3 61. Qg5 Kh2 62. Kf3 1-0

[Event "SVK-ch op"]
[Site "Ruzomberok"]
[Date "2019.07.05"]
[Round "7"]
[White "Horbal, Jozef"]
[Black "Pasztor, Ladislav"]
[Result "1/2-1/2"]
[WhiteElo "1660"]
[BlackElo "1857"]
[PlyCount "134"]
[EventDate "2019.06.29"]
[EventType "swiss"]
[EventRounds "9"]
[EventCountry "SVK"]
[SourceTitle "CBM 191 Extra"]
[Source "ChessBase"]
[SourceDate "2019.09.30"]
[SourceVersion "1"]
[SourceVersionDate "2019.09.30"]
[SourceQuality "1"]

1. e4 e5 2. Nf3 d6 3. d4 exd4 4. Nxd4 Be7 5. Nc3 Nf6 6. Be2 Nbd7 7. h3 Nc5 8. Bf3 c6 9. Be3 Qc7 10. 0-0 Be6 11. Nxe6 Nxe6 12. a4 a5 13. Qd2 Rd8 14. Rad1 0-0 15. Qe2 Nd7 16. Bg4 Ne5 17. f4 Nxg4 18. Qxg4 Bf6 19. Rd3 Nc5 20. Bxc5 dxc5 21. e5 Be7 22. Rfd1 c4 23. Rxd8 Rxd8 24. Rxd8+ Qxd8 25. Kh1 g6 26. f5 h5 27. Qg3 Bh4 28. Qf3 Qd4 29. fxg6 fxg6 30. e6 Qf6 31. Qe2 Qf2 32. Qxf2 Bxf2 33. Ne4 Be1 34. Nd6 Kf8 35. Nxb7 Ke7 36. c3 Kxe6 37. Nxa5 Kd5 38. Nb7 c5 39. a5 Kc6 40. a6 Bf2 41. Na5+ Kb6 42. Nxc4+ Kxa6 43. g4 hxg4 44. hxg4 Kb5 45. Ne5 g5 46. Kg2 Be3 47. Kf3 Bf4 48. Nd3 Bd6 49. Ke4 Kc4 50. b4 cxb4 51. cxb4 Be7 52. Ne5+ Kb5 53. Nd3 Kc4 54. Ne5+ Kb5 55. Kf5 Bxb4 56. Kxg5 Bd2+ 57. Kf5 Kc5 58. Nd3+ Kd6 59. Nf4 Ke7 60. g5 Bxf4 61. Kxf4 Kf7 62. Kg4 Kg6 63. Kh4 Kg7 64. Kh5 Kh7 65. g6+ Kg7 66. Kg5 Kg8 67. Kf6 Kf8 1/2-1/2

[Event "Kosice Kotan Memorial 6th"]
[Site "Kosice"]
[Date "2014.07.19"]
[Round "1"]
[White "Klemanic, Emil"]
[Black "Horbal, Jozef"]
[Result "1-0"]
[WhiteElo "2179"]
[BlackElo "1717"]
[PlyCount "89"]
[EventDate "2014.07.19"]
[EventType "swiss"]
[EventRounds "9"]
[EventCountry "SVK"]
[SourceTitle "CBM 161 Extra"]
[Source "ChessBase"]
[SourceDate "2014.08.29"]
[SourceVersion "1"]
[SourceVersionDate "2014.08.29"]
[SourceQuality "1"]

1. e4 e5 2. Nc3 Nc6 3. Bc4 Bc5 4. d3 Nf6 5. Bg5 0-0 6. Nf3 Be7 7. 0-0 d6 8. h3 Be6 9. Bb3 Bxb3 10. axb3 Qd7 11. d4 Nxd4 12. Nxd4 exd4 13. Qxd4 a6 14. e5 Ne8 15. Bxe7 Qxe7 16. Rfe1 dxe5 17. Rxe5 Qd6 18. Rd1 Qxd4 19. Rxd4 Nf6 20. Re7 Rac8 21. Rc4 Ne8 22. Nd5 c6 23. Rxb7 Nd6 24. Ne7+ Kh8 25. Nxc8 Rxc8 26. Ra7 Nxc4 27. bxc4 g6 28. Rxa6 c5 29. Kf1 Rb8 30. b3 Rc8 31. Rd6 Kg7 32. Rd5 Kf6 33. Ke2 Ke6 34. Kd2 Rc6 35. Kc3 f6 36. g4 g5 37. Rf5 h5 38. Kd3 Rd6+ 39. Rd5 hxg4 40. Rxd6+ Kxd6 41. hxg4 Ke5 42. Ke3 f5 43. gxf5 Kxf5 44. c3 Kf6 45. b4 1-0

[Event "Zilina-ch"]
[Site "Zilina"]
[Date "2014.05.10"]
[Round "2"]
[White "Horbal, Jozef"]
[Black "Hrnciar, Roman"]
[Result "1/2-1/2"]
[WhiteElo "1694"]
[BlackElo "2049"]
[PlyCount "99"]
[EventDate "2014.05.09"]
[EventType "swiss"]
[EventRounds "6"]
[EventCountry "SVK"]
[SourceTitle "CBM 160 Extra"]
[Source "ChessBase"]
[SourceDate "2014.07.01"]
[SourceVersion "1"]
[SourceVersionDate "2014.07.01"]
[SourceQuality "1"]

1. d4 d5 2. c4 e6 3. Nc3 Nf6 4. Nf3 Nbd7 5. Qc2 c6 6. cxd5 cxd5 7. e3 a6 8. Bd3 Bd6 9. 0-0 0-0 10. b3 Qc7 11. Bb2 b5 12. Rac1 Bb7 13. Ne2 Qxc2 14. Rxc2 Ne4 15. Rfc1 f6 16. Nd2 Bb4 17. Bxe4 Bxd2 18. Rxd2 dxe4 19. Rc7 Bc8 20. Nf4 Re8 21. Rdc2 Nb6 22. R7c6 Rb8 23. Ba3 e5 24. Bd6 Bd7 25. Bxb8 Rxb8 26. dxe5 fxe5 27. Rxb6 Rxb6 28. Ne2 Rd6 29. Ng3 Rd1+ 30. Nf1 b4 31. Rd2 Rxd2 32. Nxd2 Bc6 33. Nc4 Bd5 34. Nxe5 a5 35. Nd7 a4 36. Nc5 a3 37. Na6 Bxb3 38. Nxb4 Bc4 39. Nc2 Bxa2 40. Nxa3 Kf7 41. Nb5 Bd5 42. Nd4 Kf6 43. h3 h5 44. h4 g5 45. hxg5+ Kxg5 46. Kh2 Kg4 47. Ne2 h4 48. Nf4 Bc4 49. Kg1 Ba6 50. Kh2 1/2-1/2

[Event "Zilina-ch"]
[Site "Zilina"]
[Date "2014.05.09"]
[Round "1"]
[White "Horbal, Jozef"]
[Black "Cibikova, Sofia Anna"]
[Result "1-0"]
[WhiteElo "1694"]
[BlackElo "1490"]
[PlyCount "63"]
[EventDate "2014.05.09"]
[EventType "swiss"]
[EventRounds "6"]
[EventCountry "SVK"]
[SourceTitle "CBM 160 Extra"]
[Source "ChessBase"]
[SourceDate "2014.07.01"]
[SourceVersion "1"]
[SourceVersionDate "2014.07.01"]
[SourceQuality "1"]

1. d4 Nf6 2. c4 d6 3. Nc3 e6 4. e4 Nbd7 5. Nf3 Be7 6. Be2 0-0 7. 0-0 e5 8. d5 Nc5 9. Qc2 a5 10. Ne1 b6 11. f4 Nfd7 12. f5 g6 13. Bh6 Re8 14. g4 Bg5 15. Bxg5 Qxg5 16. Ng2 Bb7 17. h4 Qd8 18. Qd2 Qe7 19. Rf2 Nf6 20. Qe3 c6 21. Raf1 cxd5 22. cxd5 Ba6 23. fxg6 hxg6 24. Rxf6 Rf8 25. Bxa6 Rxa6 26. Qg5 Ra7 27. Ne3 Qd7 28. Nf5 Rc7 29. Qh6 gxf5 30. R1xf5 Qxf5 31. Rxf5 Re7 32. Rg5# 1-0

[Event "Tatry op"]
[Site "Tatranske Zruby"]
[Date "2013.10.06"]
[Round "9"]
[White "Horbal, Jozef"]
[Black "Liska, Jaroslav"]
[Result "1-0"]
[WhiteElo "1700"]
[BlackElo "1972"]
[PlyCount "89"]
[EventDate "2013.09.29"]
[EventType "swiss"]
[EventRounds "9"]
[EventCountry "SVK"]
[SourceTitle "EXT 2023"]
[Source "ChessBase"]
[SourceDate "2022.10.05"]
[SourceVersion "1"]
[SourceVersionDate "2022.10.05"]
[SourceQuality "1"]

1. d4 d5 2. c4 Bf5 3. e3 e6 4. Bd3 Bxd3 5. Qxd3 Nf6 6. Nf3 Be7 7. 0-0 0-0 8. Nc3 c6 9. cxd5 exd5 10. a3 Qc7 11. h3 Nbd7 12. b4 Nb6 13. Nd2 Bd6 14. Bb2 Rfe8 15. Rac1 Qd7 16. b5 Re7 17. a4 Rae8 18. a5 Nc8 19. bxc6 bxc6 20. Na4 Bc7 21. Ba3 Bd6 22. Rb1 Ne4 23. Nxe4 Rxe4 24. Bxd6 Qxd6 25. Rb7 R4e6 26. Nc5 Rg6 27. Qf5 Rf6 28. Qd7 Rd8 29. Qxd6 Nxd6 30. Rxa7 Nf5 31. Rb7 Nd6 32. Rc7 Nb5 33. Rb7 g5 34. a6 Rg6 35. a7 Ra8 36. Ra1 Kg7 37. Nd7 c5 38. dxc5 Rxa7 39. Raxa7 Nxa7 40. Rxa7 Rc6 41. Ne5 Rf6 42. c6 Kf8 43. Rxf7+ Rxf7 44. Nxf7 Kxf7 45. c7 1-0

[Event "IBCA-ol blind 14th"]
[Site "Chennai"]
[Date "2012.08.18"]
[Round "8.3"]
[White "Bagheri, Majjid"]
[Black "Horbal, Jozef"]
[Result "1/2-1/2"]
[WhiteElo "1958"]
[BlackElo "1650"]
[PlyCount "76"]
[EventDate "2012.08.10"]
[EventType "team-swiss"]
[EventRounds "9"]
[EventCountry "IND"]
[SourceTitle "CBM 149 Extra"]
[Source "ChessBase"]
[SourceDate "2012.08.24"]
[SourceVersion "1"]
[SourceVersionDate "2012.08.24"]
[SourceQuality "1"]
[WhiteTeam "Iran"]
[BlackTeam "Slovakia"]
[WhiteTeamCountry "IRI"]
[BlackTeamCountry "SVK"]

1. Nf3 d5 2. d4 e6 3. g3 Nf6 4. Bg2 Be7 5. Nbd2 Nbd7 6. 0-0 0-0 7. c4 c6 8. Qc2 Re8 9. b3 Bf8 10. Bb2 b6 11. Ne5 Bb7 12. e4 Rc8 13. Nxd7 Nxd7 14. e5 f6 15. f4 Qe7 16. cxd5 cxd5 17. Qd3 f5 18. a3 Nb8 19. b4 b5 20. Nb3 a6 21. Nc5 Nc6 22. Bf3 g6 23. Rf2 Red8 24. g4 Qf7 25. Rg2 Kh8 26. Bc3 Bxc5 27. bxc5 Rg8 28. g5 Qc7 29. h4 Na5 30. h5 Nc4 31. hxg6 hxg6 32. Be2 Kg7 33. Qg3 Rh8 34. Ra2 Rh7 35. Bxc4 dxc4 36. Rh2 Rch8 37. Rxh7+ Rxh7 38. Rh2 Kg8 1/2-1/2

[Event "IBCA-ol blind 14th"]
[Site "Chennai"]
[Date "2012.08.10"]
[Round "1.4"]
[White "Horbal, Jozef"]
[Black "Krylov, Sergey"]
[Result "0-1"]
[WhiteElo "1650"]
[BlackElo "2337"]
[PlyCount "64"]
[EventDate "2012.08.10"]
[EventType "team-swiss"]
[EventRounds "9"]
[EventCountry "IND"]
[SourceTitle "CBM 149 Extra"]
[Source "ChessBase"]
[SourceDate "2012.08.24"]
[SourceVersion "1"]
[SourceVersionDate "2012.08.24"]
[SourceQuality "1"]
[WhiteTeam "Slovakia"]
[BlackTeam "Russia"]
[WhiteTeamCountry "SVK"]
[BlackTeamCountry "RUS"]

1. d4 Nf6 2. c4 g6 3. Nc3 Bg7 4. e4 d6 5. Bd3 0-0 6. Nge2 c5 7. d5 Ng4 8. h3 Ne5 9. 0-0 e6 10. b3 exd5 11. exd5 Nxd3 12. Qxd3 b5 13. Bb2 bxc4 14. bxc4 Nd7 15. Qc2 Rb8 16. Na4 Ne5 17. Rab1 Bf5 18. Qc3 Rb4 19. f4 Rxc4 20. Qb3 Bc2 21. Qg3 Rxa4 22. fxe5 Bxb1 23. Rxb1 Rxa2 24. Qb3 Rxb2 25. Qxb2 Bxe5 26. Qb7 Qa5 27. Kf1 Qa2 28. Rc1 a5 29. Qa7 a4 30. Re1 a3 31. Nc1 Qc4+ 32. Kg1 Bb2 0-1

[Event "Zilina Region-ch"]
[Site "Zilina"]
[Date "2012.05.06"]
[Round "6"]
[White "Horbal, Jozef"]
[Black "Mysiak, Juraj"]
[Result "1/2-1/2"]
[WhiteElo "1660"]
[BlackElo "1831"]
[PlyCount "67"]
[EventDate "2012.05.04"]
[EventType "swiss"]
[EventRounds "7"]
[EventCountry "SVK"]
[SourceTitle "CBM 148 Extra"]
[Source "ChessBase"]
[SourceDate "2012.06.22"]
[SourceVersion "1"]
[SourceVersionDate "2012.06.22"]
[SourceQuality "1"]

1. d4 e6 2. c4 d5 3. Nc3 Nf6 4. Bg5 Be7 5. Nf3 Nbd7 6. e3 0-0 7. Bd3 c6 8. 0-0 dxc4 9. Bxc4 Nd5 10. Bxe7 Qxe7 11. Nxd5 exd5 12. Bd3 Nf6 13. Qc2 Ne4 14. Nd2 f5 15. f3 Nd6 16. e4 Qg5 17. e5 Nf7 18. f4 Qg6 19. Nf3 Nh6 20. h3 Qe6 21. Ng5 Qe7 22. Rac1 g6 23. a3 Nf7 24. Nxf7 Rxf7 25. b4 a6 26. Rf3 Be6 27. Qc5 Kg7 28. a4 Qxc5 29. bxc5 Re8 30. a5 Rc7 31. Rb1 Bc8 32. Rb6 Ree7 33. Kf2 h5 34. h4 1/2-1/2

[Event "Zilina Region-ch"]
[Site "Zilina"]
[Date "2012.05.05"]
[Round "2"]
[White "Sevcik, Lubomir"]
[Black "Horbal, Jozef"]
[Result "0-1"]
[WhiteElo "1778"]
[BlackElo "1660"]
[PlyCount "78"]
[EventDate "2012.05.04"]
[EventType "swiss"]
[EventRounds "7"]
[EventCountry "SVK"]
[SourceTitle "CBM 148 Extra"]
[Source "ChessBase"]
[SourceDate "2012.06.22"]
[SourceVersion "1"]
[SourceVersionDate "2012.06.22"]
[SourceQuality "1"]

1. d4 d5 2. c4 e6 3. Nc3 Nf6 4. Bg5 Be7 5. Nf3 c6 6. e3 0-0 7. Bd3 dxc4 8. Bxc4 Nbd7 9. 0-0 h6 10. Bh4 Nd5 11. Bxe7 Qxe7 12. Rc1 N7b6 13. Be2 Bd7 14. Qb3 Rac8 15. Ne5 c5 16. Nxd5 exd5 17. Nxd7 c4 18. Qb5 Qxd7 19. Qxd7 Nxd7 20. Bg4 f5 21. Bf3 Nf6 22. g3 Ne4 23. Rc2 Rc7 24. Bg2 Rfc8 25. f3 Nf6 26. Rc3 b5 27. a3 a5 28. Rfc1 b4 29. axb4 axb4 30. R3c2 b3 31. Rc3 Nd7 32. Ra1 Nb6 33. f4 Kf7 34. Ra5 Ke6 35. Ra6 Rc6 36. Rc1 Ra8 37. Rca1 Rxa6 38. Rxa6 c3 39. Ra1 cxb2 0-1

[Event "Kosice Kotan Memorial 3rd"]
[Site "Kosice"]
[Date "2011.06.26"]
[Round "3"]
[White "Horbal, Jozef"]
[Black "Pastir, Stanislav"]
[Result "0-1"]
[WhiteElo "1605"]
[BlackElo "2059"]
[PlyCount "134"]
[EventDate "2011.06.25"]
[EventType "swiss"]
[EventRounds "9"]
[EventCountry "SVK"]
[SourceTitle "EXT 2012"]
[Source "ChessBase"]
[SourceDate "2011.11.24"]
[SourceVersion "1"]
[SourceVersionDate "2011.11.24"]
[SourceQuality "1"]

1. d4 Nf6 2. c4 e6 3. Nc3 c5 4. Nf3 d5 5. e3 Nc6 6. Be2 Be7 7. 0-0 0-0 8. b3 b6 9. Bb2 Bb7 10. h3 Rc8 11. Rc1 Re8 12. Re1 Bf8 13. Nb1 Ne4 14. Nbd2 f5 15. Nxe4 dxe4 16. Nh2 Qc7 17. d5 Red8 18. Qc2 exd5 19. cxd5 Nb4 20. Qb1 Nxd5 21. Bc4 Kh8 22. Nf1 Bd6 23. Rcd1 Be5 24. Qa1 Bxb2 25. Qxb2 f4 26. exf4 Nxf4 27. Ne3 Nd3 28. Bxd3 exd3 29. Qc3 Ba6 30. Rd2 b5 31. Nf5 Re8 32. Rxe8+ Rxe8 33. Rd1 b4 34. Qc1 Re2 35. Ne3 Qf4 36. Rf1 d2 37. Qd1 h6 38. Nd5 Qe5 39. Ne3 Rxe3 40. fxe3 Qxe3+ 41. Kh2 Qe5+ 42. Kg1 Qe3+ 43. Kh2 Bxf1 44. Qxf1 Qe5+ 45. g3 Qd5 46. Qd1 Qd3 47. Kg2 Kg8 48. Kf2 Kf8 49. h4 Ke7 50. Qe2+ Qxe2+ 51. Kxe2 Ke6 52. Kxd2 Kd5 53. Kd3 h5 54. Ke3 c4 55. bxc4+ Kxc4 56. Kf4 a5 57. Kg5 a4 58. Kxh5 b3 59. axb3+ axb3 60. Kg6 b2 61. Kxg7 b1Q 62. h5 Qb7+ 63. Kg6 Qc6+ 64. Kg5 Qd5+ 65. Kh4 Qd8+ 66. Kh3 Qg5 67. g4 Kd4 0-1